Major & Minor Hockey Teams - Statistics

General Stats
  • This quiz has been taken 43 times
  • The average score is 86 of 197
Answer Stats
National Hockey League % Correct
Arizona Coyotes
95%
Boston Bruins
95%
Dallas Stars
95%
Iowa Wild
95%
Lincoln Stars
95%
Minnesota Wild
95%
Providence Bruins
95%
Texas Stars
95%
Abbotsford Canucks
91%
Anaheim Ducks
91%
Austin Bruins
91%
Calgary Flames
91%
Chicago Blackhawks
91%
Colorado Avalanche
91%
Edmonton Oilers
91%
Florida Panthers
91%
Kitchener Rangers
91%
Los Angeles Kings
91%
Montreal Canadiens
91%
New York Rangers
91%
Pittsburgh Penguins
91%
San Jose Sharks
91%
Springfield Jr. Blues
91%
St. Louis Blues
91%
Tampa Bay Lightning
91%
Toronto Maple Leafs
91%
Tulsa Oilers
91%
Vancouver Canucks
91%
Waterloo Black Hawks
91%
Wilkes-Barre Scranton Penguins
91%
Belleville Senators
86%
Bridgeport Islanders
86%
Carolina Hurricanes
86%
Charlottetown Islanders
86%
Columbus Blue Jackets
86%
Janesville Jets
86%
New Jersey Devils
86%
New York Islanders
86%
Ottawa Senators
86%
Philadelphia Flyers
86%
Seattle Kraken
86%
Vegas Golden Knights
86%
Washington Capitals
86%
Winnipeg Jets
86%
Detroit Red Wings
82%
Nashville Predators
82%
Buffalo Sabres
77%
Lethbridge Hurricanes
73%
Chicago Wolves
59%
Hershey Bears
59%
London Knights
59%
Medicine Hat Tigers
59%
Sudbury Wolves
59%
Cape Breton Eagles
55%
Colorado Eagles
55%
Hamilton Bulldogs
55%
Allen Americans
50%
Manitoba Moose
50%
Reading Royals
50%
Rochester Americans
50%
Sarnia Sting
50%
Tri-City Americans
50%
Trois-Rivieres Lions
50%
Victoria Royals
50%
Winnipeg Ice
50%
Barrie Colts
45%
Brandon Wheat Kings
45%
Calgary Hitmen
45%
Edmonton Oil Kings
45%
Laval Rocket
45%
Moose Jaw Warriors
45%
Oklahoma Warriors
45%
Regina Pats
45%
Saskatoon Blades
45%
Spokane Chiefs
45%
Adirondack Thunder
41%
Charlotte Checkers
41%
Coachella Valley Firebirds
41%
Erie Otters
41%
Flint Firebirds
41%
Kelowna Rockets
41%
Northeast Generals
41%
Oshawa Generals
41%
Ottawa 67's
41%
Peterborough Petes
41%
Portland Winterhawks
41%
Sault Ste. Marie Greyhounds
41%
Swift Current Broncos
41%
Toronto Marlies
41%
Wichita Thunder
41%
Windsor Spitfires
41%
Chicago Steel
36%
Chippewa Steel
36%
Cincinnati Cyclones
36%
Guelph Storm
36%
Lehigh Valley Phantoms
36%
Moncton Wildcats
36%
Philadelphia Rebels
36%
Prince Albert Raiders
36%
Prince George Cougars
36%
Red Deer Rebels
36%
Saint John Sea Dogs
36%
Tri-City Storm
36%
Vancouver Giants
36%
Youngstown Phantoms
36%
Acadie-Bathurst Titan
32%
Blainville-Boisbriand Armada
32%
Everett Silvertips
32%
Fairbanks Ice Dogs
32%
Halifax Mooseheads
32%
Idaho Steelheads
32%
Kamloops Blazers
32%
Mississauga Steelheads
32%
Niagara IceDogs
32%
Owen Sound Attack
32%
Saginaw Spirit
32%
San Diego Gulls
32%
San Jose Barracuda
32%
Seattle Thunderbirds
32%
Springfield Thunderbirds
32%
Tucson Roadrunners
32%
Utica Comets
32%
Cleveland Monsters
27%
Hartford Wolf Pack
27%
Henderson Silver Knights
27%
Kingston Frontenacs
27%
Milwaukee Admirals
27%
Norfolk Admirals
27%
North Bay Battalion
27%
Ontario Reign
27%
Orlando Solar Bears
27%
Quebec Remparts
27%
Aberdeen Wings
23%
Bakersfield Condors
23%
Chicoutimi Sagueneens
23%
Gatineau Olympiques
23%
Kalamazoo Wings
23%
Maine Mariners
23%
North Iowa Bulls
23%
Rockford IceHogs
23%
Shawinigan Cataractes
23%
Syracuse Crunch
23%
Utah Grizzlies
23%
Amarillo Wranglers
18%
Atlanta Gladiators
18%
Calgary Wranglers
18%
Drummondville Voltigeurs
18%
Florida Everblades
18%
Grand Rapids Griffins
18%
Green Bay Gamblers
18%
Indy Fuel
18%
Maine Nordiques
18%
Newfoundland Growlers
18%
Rapid City Rush
18%
Rouyn-Noranda Huskies
18%
Sherbrooke Phoenix
18%
South Carolina Stingrays
18%
Toledo Walleye
18%
Val-d'Or Foreurs
18%
Victoriaville Tigres
18%
Wheeling Nailers
18%
Anchorage Wolverines
14%
Baie-Comeau Drakkar
14%
Bismarck Bobcats
14%
Des Moines Buccaneers
14%
Dubuque Fighting Saints
14%
Fargo Force
14%
Greenville Swamp Rabbits
14%
Jacksonville Icemen
14%
Johnstown Tomahawks
14%
Kansas City Mavericks
14%
Madison Capitols
14%
Minnesota Wilderness
14%
Minot Minotauros
14%
Muskegon Lumberjacks
14%
New Jersey Titans
14%
Omaha Lancers
14%
Rimouski Oceanic
14%
Savannah Ghost Pirates
14%
Sioux City Musketeers
14%
Cedar Rapids RoughRiders
9%
Corpus Christi IceRays
9%
Danbury Jr. Hat Tricks
9%
El Paso Rhinos
9%
Fort Wayne Komets
9%
Iowa Heartlanders
9%
Maryland Black Bears
9%
New Mexico Ice Wolves
9%
Odessa Jackalopes
9%
Sioux Falls Stampede
9%
USA Hockey National Team Development Program
9%
Worcester Railers
9%
Kenai River Brown Bears
5%
Lone Star Brahmas
5%
Shreveport Mudbugs
5%
St. Cloud Norsemen
5%
Wisconsin Windigo
5%
No matching quizzes found
Score Distribution
Percent of People with Each Score
Percentile by Number Answered
Your Score History
You have not taken this quiz